Theoretical basis for nursing / (Record no. 19204)
[ view plain ]
| 000 -LEADER | |
|---|---|
| fixed length control field | 01978cam a2200289 a 4500 |
| 001 - CONTROL NUMBER | |
| control field | 17872949 |
| 005 - DATE AND TIME OF LATEST TRANSACTION | |
| control field | 20150421100809.0 |
| 008 - FIXED-LENGTH DATA ELEMENTS--GENERAL INFORMATION | |
| fixed length control field | 130830t2014 pauak frb 001 0 eng d |
| 010 ## - LIBRARY OF CONGRESS CONTROL NUMBER | |
| LC control number | 2013035526 |
| 020 ## - INTERNATIONAL STANDARD BOOK NUMBER | |
| International Standard Book Number | 9781451190311 (pbk.) |
| 020 ## - INTERNATIONAL STANDARD BOOK NUMBER | |
| International Standard Book Number | 145119031X (pbk.) |
| 040 ## - CATALOGING SOURCE | |
| Original cataloging agency | DNLM/DLC |
| Transcribing agency | DLC |
| Modifying agency | DLC |
| -- | EG-ScBUE |
| 082 00 - DEWEY DECIMAL CLASSIFICATION NUMBER | |
| Classification number | 610.73 |
| Edition number | 22 |
| Item number | MCE |
| 100 1# - MAIN ENTRY--PERSONAL NAME | |
| Personal name | McEwen, Melanie. |
| 9 (RLIN) | 37672 |
| 245 10 - TITLE STATEMENT | |
| Title | Theoretical basis for nursing / |
| Statement of responsibility, etc | Melanie McEwen, Evelyn M. Wills. |
| 250 ## - EDITION STATEMENT | |
| Edition statement | 4th ed. |
| 260 ## - PUBLICATION, DISTRIBUTION, ETC. (IMPRINT) | |
| Place of publication, distribution, etc | Philadelphia : |
| Name of publisher, distributor, etc | Wolters Kluwer / Lippincott Williams & Wilkins, |
| Date of publication, distribution, etc | c.2014. |
| 300 ## - PHYSICAL DESCRIPTION | |
| Extent | xvi, 574 p. : |
| Other physical details | forms, tables ; |
| Dimensions | 26 cm. |
| 504 ## - BIBLIOGRAPHY, ETC. NOTE | |
| Bibliography, etc | Includes bibliographical references and indexes. |
| 505 0# - FORMATTED CONTENTS NOTE | |
| Formatted contents note | Philosophy, science, and nursing -- Overview of theory in nursing -- Concept development : clarifying meaning of terms -- Theory development : structuring conceptual relationships in nursing -- Theory analysis and evaluation -- Overview of grand nursing theories -- Grand nursing theories based on human needs -- Grand nursing theories based on interactive process -- Grand nursing theories based on unitary process -- Introduction to middle range nursing theories -- Overview of selected middle range nursing theories -- Evidence-based practice and nursing theory -- Theories from the sociologic sciences -- Theories from the behavioral sciences -- Theories from the biomedical sciences -- Theories, models, and frameworks from leadership and management -- Learning theories -- Application of theory in nursing practice -- Application of theory in nursing research -- Application of theory in nursing administration and management -- Application of theory in nursing education -- Future issues in nursing theory. |
| 650 #0 - SUBJECT ADDED ENTRY--TOPICAL TERM | |
| Topical term or geographic name as entry element | Nursing Theory |
| Source of heading or term | BUEsh |
| 9 (RLIN) | 36317 |
| 653 ## - INDEX TERM--UNCONTROLLED | |
| Resource For college | Nursing |
| Arrived date list | April2015 |
| 655 ## - INDEX TERM--GENRE/FORM | |
| Form subdivision | |
| -- | 34232 |
| 700 1# - ADDED ENTRY--PERSONAL NAME | |
| Personal name | Wills, Evelyn M. |
| 9 (RLIN) | 37673 |
| 942 ## - ADDED ENTRY ELEMENTS (KOHA) | |
| Source of classification or shelving scheme | Dewey Decimal Classification |
| Withdrawn status | Item status | Source of classification or shelving scheme | Damaged status | Not for loan | Vendor | Home library | Current library | Shelving location | Date acquired | Source of acquisition | Cost, normal purchase price | Serial Enumeration / chronology | Total Checkouts | Full call number | Barcode | Date last seen | Cost, replacement price | Koha item type | Total Renewals | Date last borrowed |
|---|---|---|---|---|---|---|---|---|---|---|---|---|---|---|---|---|---|---|---|---|
| Dewey Decimal Classification | ايمك | Central Library | Central Library | First floor | 21/04/2015 | 522.00 | 2446 | 610.73 MCE | 000038045 | 15/07/2025 | 652.50 | Book - Borrowing | ||||||||
| Dewey Decimal Classification | ايمك | Central Library | Central Library | First floor | 21/04/2015 | 522.00 | 2445 | 6 | 610.73 MCE | 000038046 | 15/07/2025 | 652.50 | Book - Borrowing | 25 | 15/12/2020 |